Holiday Quiz

Random Holiday or Easter Quiz

Movie By Peep Quiz Stats

 Plays Quiz Updated Dec 24, 2015

Support Sporcle.
Go Orange.
Score 0/15 Timer 05:00
1 Play Today
% Correct
Up
97.4%
Mary Poppins
92.5%
The Wizard Of Oz
91.2%
Star Wars
90.9%
Ghostbusters
78.3%
Bridesmaids
71.5%
Thelma And Louise
69.8%
The Birds
63.7%
% Correct
Black Swan
60.4%
Little Miss Sunshine
58.3%
Inception
54.2%
Say Anything
47.9%
West Side Story
47.7%
Dreamgirls
30.5%
Mommie Dearest
24.6%

You're not logged in!

Compare scores with friends on all Sporcle quizzes.
OR
Log In

From the Vault

Add a 'W'

by Shanamah

Remember that these are words where a 'W' is added and not a double 'U' - that would be a totally different quiz.
Remove Ads.
Support Sporcle.
Get the best of Sporcle when you Go Orange. This ad-free experience offers more features, more stats, and more fun while also helping to support Sporcle. Thank you for becoming a member.

Show Comments

Extras

Top Quizzes Today


Score Distribution

Your Account Isn't Verified!

In order to create a playlist on Sporcle, you need to verify the email address you used during registration. Go to your Sporcle Settings to finish the process.

Report this User

Report this user for behavior that violates our Community Guidelines.

Details: